000 00468nam a2200169Ia 4500
008 230917s9999||||xx |||||||||||||| ||und||
020 _cRS600
040 _e221707
_aMAIN
041 _aEnglish
082 _a294.12 V59R
100 _aVerma, Thakur Prasad
245 0 _aRigved ke saat sukton ka vaigyanik vivechan
260 _aNew Delhi
_bB R Publishing
_c2014
300 _avi, 188 p.
500 _a1754 02/01/2015 SANJAY5432 15/01/2015 Main Budget
942 _cBK
999 _c13140
_d13140